Pays avec tennismen dans le Top 100 - Statistiques

Statistiques générales
  • Ce quiz a été pris 931 fois
  • Le résultat moyen est 14 sur 18
Statistiques - réponses
Nombre de joueurs Pays % Correct
68 Espagne
99%
72 France
99%
199 Etats-Unis
98%
35 Italie
94%
74 Allemagne
92%
14 Russie
92%
24 Royaume-Uni
91%
12 Canada
88%
52 Argentine
87%
74 Australie
87%
24 Brésil
86%
45 Suède
80%
17 Belgique
72%
24 Pays-Bas
68%
16 Autriche
56%
21 République Tchèque
56%
10 Croatie
53%
25 Afrique du Sud
33%
Aucun quiz correspondant
Distribution des résultats
% des personnes avec chaque résultat
Percentile par nombre de réponses
Votre historique - résultats
Vous n’avez pas pris ce quiz